<?xml version="1.0" encoding="UTF-8"?>
<record
    xmlns:xsi="http://www.w3.org/2001/XMLSchema-instance"
    xsi:schemaLocation="http://www.loc.gov/MARC21/slim http://www.loc.gov/standards/marcxml/schema/MARC21slim.xsd"
    xmlns="http://www.loc.gov/MARC21/slim">

  <leader>01494nam a22004331a 4500</leader>
  <controlfield tag="001">5367749</controlfield>
  <controlfield tag="005">20151101020002.0</controlfield>
  <controlfield tag="008">050316s2005    nyua          001 0 eng  </controlfield>
  <datafield tag="010" ind1=" " ind2=" ">
    <subfield code="a">2005046934</subfield>
  </datafield>
  <datafield tag="015" ind1=" " ind2=" ">
    <subfield code="a">GBA562911</subfield>
    <subfield code="2">bnb</subfield>
  </datafield>
  <datafield tag="016" ind1="7" ind2=" ">
    <subfield code="a">013261372</subfield>
    <subfield code="2">Uk</subfield>
  </datafield>
  <datafield tag="020" ind1=" " ind2=" ">
    <subfield code="a">0764115928</subfield>
  </datafield>
  <datafield tag="020" ind1=" " ind2=" ">
    <subfield code="a">0764115928</subfield>
  </datafield>
  <datafield tag="020" ind1=" " ind2=" ">
    <subfield code="a">0764115928</subfield>
  </datafield>
  <datafield tag="020" ind1=" " ind2=" ">
    <subfield code="a">0764115928</subfield>
  </datafield>
  <datafield tag="024" ind1="3" ind2=" ">
    <subfield code="a">9780764132704</subfield>
  </datafield>
  <datafield tag="024" ind1="3" ind2=" ">
    <subfield code="a">9780764178788</subfield>
  </datafield>
  <datafield tag="035" ind1=" " ind2=" ">
    <subfield code="a">(OCoLC)ocm58546344</subfield>
  </datafield>
  <datafield tag="035" ind1=" " ind2=" ">
    <subfield code="a">(JUDdb)97123</subfield>
  </datafield>
  <datafield tag="040" ind1=" " ind2=" ">
    <subfield code="a">DLC</subfield>
    <subfield code="c">DLC</subfield>
    <subfield code="d">YDX</subfield>
    <subfield code="d">BAKER</subfield>
    <subfield code="d">VPL</subfield>
    <subfield code="d">RMC</subfield>
    <subfield code="d">UKM</subfield>
    <subfield code="d">BTCTA</subfield>
    <subfield code="d">IFH</subfield>
    <subfield code="d">JUDdb</subfield>
  </datafield>
  <datafield tag="049" ind1=" " ind2=" ">
    <subfield code="a">IFHA</subfield>
    <subfield code="l">bk1</subfield>
    <subfield code="p">30811001308034</subfield>
  </datafield>
  <datafield tag="050" ind1="0" ind2="0">
    <subfield code="a">LB 2367.4.B76 2000</subfield>
    <subfield code="b">LB 2367.4.B76 2000</subfield>
  </datafield>
  <datafield tag="082" ind1="0" ind2="0">
    <subfield code="a">378.1/662</subfield>
    <subfield code="2">22</subfield>
  </datafield>
  <datafield tag="090" ind1=" " ind2=" ">
    <subfield code="a">LB2367.4</subfield>
    <subfield code="b">.G747 2005</subfield>
  </datafield>
  <datafield tag="100" ind1="1" ind2=" ">
    <subfield code="a">Green, Sharon,</subfield>
    <subfield code="d">1939-</subfield>
  </datafield>
  <datafield tag="245" ind1="1" ind2="0">
    <subfield code="a">How to prepare for the GRE, Graduate Record Examination /</subfield>
    <subfield code="c">Sharon Weiner Green, Ira K. Wolf.</subfield>
    <subfield code="h">[Text]</subfield>
  </datafield>
  <datafield tag="250" ind1=" " ind2=" ">
    <subfield code="a">14th ed.</subfield>
  </datafield>
  <datafield tag="260" ind1=" " ind2=" ">
    <subfield code="a">Hauppauge, N.Y.</subfield>
    <subfield code="b">Barron's</subfield>
    <subfield code="c">2000</subfield>
  </datafield>
  <datafield tag="300" ind1=" " ind2=" ">
    <subfield code="a">vi, 543 p. :</subfield>
    <subfield code="b">ill. ;</subfield>
    <subfield code="c">28 cm +</subfield>
    <subfield code="e">1 CD-ROM (4 3/4 in.).</subfield>
  </datafield>
  <datafield tag="500" ind1=" " ind2=" ">
    <subfield code="a">At head of title: Barron's Includes index.</subfield>
  </datafield>
  <datafield tag="590" ind1=" " ind2=" ">
    <subfield code="a">30811001308034</subfield>
  </datafield>
  <datafield tag="650" ind1=" " ind2="0">
    <subfield code="a">Graduate Record Examination</subfield>
    <subfield code="v">Study guides.</subfield>
  </datafield>
  <datafield tag="700" ind1="1" ind2=" ">
    <subfield code="a">Wolf, Ira K.</subfield>
  </datafield>
  <datafield tag="938" ind1=" " ind2=" ">
    <subfield code="a">Baker &amp; Taylor</subfield>
    <subfield code="b">BKTY</subfield>
    <subfield code="c">29.99</subfield>
    <subfield code="d">22.49</subfield>
    <subfield code="i">0764178784</subfield>
    <subfield code="n">0006307774</subfield>
    <subfield code="s">active</subfield>
    <subfield code="z">B&amp;T Title: Barron's How To Prepare For The Gre</subfield>
  </datafield>
  <datafield tag="938" ind1=" " ind2=" ">
    <subfield code="a">Baker &amp; Taylor</subfield>
    <subfield code="b">BKTY</subfield>
    <subfield code="c">16.99</subfield>
    <subfield code="d">12.74</subfield>
    <subfield code="i">0764132709</subfield>
    <subfield code="n">0006307773</subfield>
    <subfield code="s">active</subfield>
  </datafield>
  <datafield tag="938" ind1=" " ind2=" ">
    <subfield code="a">Baker and Taylor</subfield>
    <subfield code="b">BTCP</subfield>
    <subfield code="n">2005046934</subfield>
  </datafield>
  <datafield tag="994" ind1=" " ind2=" ">
    <subfield code="a">01</subfield>
    <subfield code="b">IFH</subfield>
  </datafield>
  <datafield tag="942" ind1="0" ind2="0">
    <subfield code="0">1</subfield>
  </datafield>
  <datafield tag="999" ind1=" " ind2=" ">
    <subfield code="c">35271</subfield>
    <subfield code="d">35271</subfield>
  </datafield>
  <datafield tag="952" ind1=" " ind2=" ">
    <subfield code="0">0</subfield>
    <subfield code="1">0</subfield>
    <subfield code="2">lcc</subfield>
    <subfield code="4">0</subfield>
    <subfield code="7">0</subfield>
    <subfield code="8">GEN</subfield>
    <subfield code="a">CPL</subfield>
    <subfield code="b">CPL</subfield>
    <subfield code="c">GEN</subfield>
    <subfield code="d">2010-03-08</subfield>
    <subfield code="g">42.30</subfield>
    <subfield code="l">1</subfield>
    <subfield code="o">LB 2367.4.B76 2000</subfield>
    <subfield code="p">R25571Y3232</subfield>
    <subfield code="r">2019-09-02 00:00:00</subfield>
    <subfield code="s">2015-10-31</subfield>
    <subfield code="t">1</subfield>
    <subfield code="w">2010-03-08</subfield>
    <subfield code="y">BK</subfield>
  </datafield>
  <datafield tag="952" ind1=" " ind2=" ">
    <subfield code="0">0</subfield>
    <subfield code="1">0</subfield>
    <subfield code="2">lcc</subfield>
    <subfield code="4">0</subfield>
    <subfield code="7">0</subfield>
    <subfield code="8">GEN</subfield>
    <subfield code="a">CPL</subfield>
    <subfield code="b">CPL</subfield>
    <subfield code="c">CD &amp; DVD</subfield>
    <subfield code="d">2013-06-17</subfield>
    <subfield code="l">0</subfield>
    <subfield code="o">LB 2367.4.B76 1999 CD</subfield>
    <subfield code="p">R27326Y3232</subfield>
    <subfield code="r">2014-07-28 00:00:00</subfield>
    <subfield code="t">2</subfield>
    <subfield code="w">2013-06-17</subfield>
    <subfield code="y">VM</subfield>
  </datafield>
</record>
